[Event "DEN-ch sf6"]
[Site "Svendborg"]
[Date "2024.03.29"]
[Round "1"]
[White "Westenborg, Allan"]
[Black "Westh, Niels Buster Krog"]
[Result "0-1"]
[WhiteElo "1860"]
[BlackElo "1803"]
[PlyCount "76"]
[EventDate "2024.03.29"]
[EventType "swiss"]
[EventRounds "7"]
[EventCountry "DEN"]
[SourceTitle "CB16_2024"]
[SourceDate "2024.04.17"]
[SourceVersion "1"]
[SourceVersionDate "2024.04.17"]
[SourceQuality "1"]

1. d4 Nf6 2. Nf3 e6 3. e3 b6 4. Bd3 Bb7 5. Nbd2 Be7 6. b3 0-0 7. Bb2 d6 8. Qe2 Nbd7 9. 0-0 c5 10. Rac1 cxd4 11. exd4 Nd5 12. g3 Nb4 13. a3 Nxd3 14. Qxd3 Bg5 15. Nxg5 Qxg5 16. Ne4 Bxe4 17. Qxe4 d5 18. Qe2 Rac8 19. Kg2 Rc6 20. Qd3 Rfc8 21. h4 Qh5 22. f3 f5 23. Rf2 Nf6 24. Re1 Qg6 25. Kh3 Nh5 26. f4 Rxc2 27. Ree2 Rxe2 28. Rxe2 Qg4+ 29. Kh2 Nxg3 30. Rxe6 Nf1+ 31. Kh1 Qxf4 32. Kg1 Ng3 33. Re3 Ne4 34. Rf3 Qg4+ 35. Kh1 Qxh4+ 36. Kg2 Qg4+ 37. Kh1 h5 38. Kh2 h4 0-1

[Event "DEN-ch Seniors"]
[Site "Aalborg"]
[Date "2023.02.19"]
[Round "4"]
[White "Gronhoj, Benny"]
[Black "Westenborg, Allan"]
[Result "0-1"]
[WhiteElo "1985"]
[BlackElo "1808"]
[PlyCount "88"]
[EventDate "2023.02.19"]
[EventType "swiss"]
[EventRounds "7"]
[EventCountry "DEN"]
[SourceTitle "CBM 213 Extra"]
[Source "ChessBase"]
[SourceDate "2023.05.31"]
[SourceVersion "1"]
[SourceVersionDate "2023.05.31"]
[SourceQuality "1"]

1. b4 d5 2. Bb2 Nf6 3. e3 e5 4. a3 Bd6 5. c4 dxc4 6. Bxc4 Qe7 7. Nc3 c6 8. Nf3 Be6 9. Qb3 Bxc4 10. Qxc4 Nbd7 11. 0-0 0-0 12. Rac1 Rfe8 13. Ne4 Nxe4 14. Qxe4 h6 15. Nh4 Nf6 16. Qc2 Qd7 17. Nf5 Rad8 18. Nxd6 Qxd6 19. d4 e4 20. h3 Nd5 21. Qe2 a6 22. f3 Qg6 23. Rce1 f5 24. fxe4 Rxe4 25. Qd3 Rde8 26. Bc1 Nf4 27. Qc2 Nxh3+ 28. Kh2 Ng5 29. Kg1 Nh3+ 30. Kh2 Qd6+ 31. Kh1 Rh4 32. gxh3 Rxh3+ 33. Kg1 Rg3+ 34. Kf2 Re4 35. Qc4+ Kh7 36. Qf7 Rg6 37. Ke2 Qxd4 38. Qxf5 Qc4+ 39. Kf3 Re5 40. Qh3 Rf6+ 41. Kg3 Rg5+ 42. Kh2 Qc2+ 43. Kh1 Qe4+ 44. Kh2 Qe5+ 0-1

[Event "DEN-ch Seniors"]
[Site "Aalborg"]
[Date "2023.02.19"]
[Round "3"]
[White "Hein, Jacob"]
[Black "Westenborg, Allan"]
[Result "0-1"]
[WhiteElo "1518"]
[BlackElo "1808"]
[PlyCount "110"]
[EventDate "2023.02.19"]
[EventType "swiss"]
[EventRounds "7"]
[EventCountry "DEN"]
[SourceTitle "CBM 213 Extra"]
[Source "ChessBase"]
[SourceDate "2023.05.31"]
[SourceVersion "1"]
[SourceVersionDate "2023.05.31"]
[SourceQuality "1"]

1. Nf3 d5 2. d4 Nf6 3. Bf4 c5 4. c3 Qb6 5. Qb3 c4 6. Qxb6 axb6 7. Nbd2 Nc6 8. g3 Bf5 9. Bg2 h6 10. 0-0 e6 11. Rfc1 b5 12. b3 Ba3 13. Re1 Bb2 14. Rad1 Bc2 15. Nxc4 bxc4 16. Rd2 cxb3 17. axb3 Bxc3 18. Rxc2 Bxe1 19. Nxe1 Nxd4 20. Rb2 Ke7 21. Be5 Nc6 22. Bc3 Rhc8 23. Rb1 e5 24. Bh3 Rc7 25. b4 d4 26. Bd2 Ne4 27. b5 Nxd2 28. Rc1 Nb3 29. Rc2 Kd6 30. bxc6 Rxc6 31. Rb2 Nc5 32. Bg2 Rc7 33. Nc2 Ra6 34. h4 d3 35. exd3 Nxd3 36. Rb3 Nc1 37. Rxb7 Rxb7 38. Bxb7 Rb6 39. Be4 Ne2+ 40. Kf1 Nc3 41. Bh7 Ke7 42. Ne3 g6 43. h5 Kf8 44. Nc4 Re6 45. Ne3 Kg7 46. hxg6 fxg6 47. Bxg6 Kxg6 48. Kg2 h5 49. Nc4 e4 50. Ne3 Rf6 51. Nc2 Nd1 52. f4 exf3+ 53. Kf1 Nc3 54. Kf2 Kg5 55. Ne3 Ne4+ 0-1

[Event "DEN-ch Seniors"]
[Site "Aalborg"]
[Date "2023.02.19"]
[Round "7"]
[White "Nielsen, Niels Peter"]
[Black "Westenborg, Allan"]
[Result "1/2-1/2"]
[WhiteElo "2074"]
[BlackElo "1808"]
[PlyCount "41"]
[EventDate "2023.02.19"]
[EventType "swiss"]
[EventRounds "7"]
[EventCountry "DEN"]
[SourceTitle "CBM 213 Extra"]
[Source "ChessBase"]
[SourceDate "2023.05.31"]
[SourceVersion "1"]
[SourceVersionDate "2023.05.31"]
[SourceQuality "1"]

1. e4 d5 2. exd5 Nf6 3. d4 Nxd5 4. Nf3 Bf5 5. Be2 e6 6. a3 c6 7. c4 Nf6 8. Nc3 h6 9. h3 Na6 10. Bf4 Nc7 11. 0-0 Bd6 12. Be3 0-0 13. Re1 Nce8 14. Qd2 Ne4 15. Nxe4 Bxe4 16. Qc3 Nf6 17. Rad1 Rc8 18. Nd2 Bb8 19. Bd3 Bxd3 20. Qxd3 Qc7 21. Nf1 1/2-1/2

[Event "DEN-ch Seniors 50"]
[Site "Logumkloster"]
[Date "2020.02.14"]
[Round "6"]
[White "Otten, Peter"]
[Black "Westenborg, Allan"]
[Result "1/2-1/2"]
[WhiteElo "1617"]
[BlackElo "1813"]
[PlyCount "72"]
[EventDate "2020.02.09"]
[EventType "swiss"]
[EventRounds "7"]
[EventCountry "DEN"]
[SourceTitle "EXT 2021"]
[Source "ChessBase"]
[SourceDate "2020.10.23"]
[SourceVersion "1"]
[SourceVersionDate "2020.10.23"]
[SourceQuality "1"]

1. d4 Nf6 2. Nf3 e6 3. c4 b6 4. Bg5 Be7 5. Nc3 Bb7 6. e3 0-0 7. Bd3 d5 8. 0-0 Nbd7 9. Rc1 h6 10. Bf4 a6 11. cxd5 exd5 12. Bb1 Re8 13. Ne5 Bd6 14. Nxd7 Qxd7 15. Bxd6 Qxd6 16. Qd3 Re7 17. Ne2 Rae8 18. Ng3 g6 19. Qc3 h5 20. h3 h4 21. Ne2 Nh5 22. Rfe1 f5 23. b4 Kg7 24. Qd2 Qe6 25. Bd3 Qd6 26. a3 Kf6 27. Kh1 g5 28. Kg1 f4 29. exf4 Nxf4 30. Nxf4 Rxe1+ 31. Rxe1 Rxe1+ 32. Qxe1 Qxf4 33. Qe8 Qc1+ 34. Kh2 Qf4+ 35. Kg1 Qc1+ 36. Kh2 Qf4+ 1/2-1/2

[Event "DEN-ch Seniors 50"]
[Site "Logumkloster"]
[Date "2020.02.10"]
[Round "2"]
[White "Nielsen, Frode Benedikt"]
[Black "Westenborg, Allan"]
[Result "1/2-1/2"]
[WhiteElo "1901"]
[BlackElo "1813"]
[PlyCount "84"]
[EventDate "2020.02.09"]
[EventType "swiss"]
[EventRounds "7"]
[EventCountry "DEN"]
[SourceTitle "EXT 2021"]
[Source "ChessBase"]
[SourceDate "2020.10.23"]
[SourceVersion "1"]
[SourceVersionDate "2020.10.23"]
[SourceQuality "1"]

1. e4 c5 2. Nc3 Nc6 3. g3 g6 4. Bg2 Bg7 5. d3 d6 6. Nge2 Bg4 7. h3 Bd7 8. 0-0 Qc8 9. Kh2 a6 10. a4 Rb8 11. f4 f5 12. exf5 gxf5 13. Nd5 Be6 14. Nec3 h5 15. Rh1 Bf7 16. Be3 Qd8 17. Qd2 Kf8 18. Bg1 e6 19. Ne3 Nf6 20. Ncd1 Nd4 21. a5 Qc7 22. b4 Ng4+ 23. Nxg4 hxg4 24. Bxd4 Bxd4 25. c3 gxh3 26. Bxh3 Bf6 27. Rc1 Kg7 28. Nf2 Rh7 29. g4 fxg4 30. Rhg1 Rbh8 31. Rxg4+ Kf8 32. Qe3 e5 33. fxe5 Bxe5+ 34. Kg2 Qc6+ 35. Kg1 Be6 36. Bg2 Qd7 37. Rg5 Rf7 38. Rxe5 dxe5 39. Qxc5+ Qe7 40. Qxe5 Rg8 41. Qb8+ Qe8 42. Qd6+ Qe7 1/2-1/2

[Event "DEN-ch Seniors 50+"]
[Site "Odder"]
[Date "2019.02.16"]
[Round "6"]
[White "Johansen, Alexander Mikkel Jo"]
[Black "Westenborg, Allan"]
[Result "1/2-1/2"]
[WhiteElo "1953"]
[BlackElo "1893"]
[PlyCount "100"]
[EventDate "2019.02.11"]
[EventType "swiss"]
[EventRounds "7"]
[EventCountry "DEN"]
[SourceTitle "CBM 189 Extra"]
[Source "ChessBase"]
[SourceDate "2019.06.03"]
[SourceVersion "1"]
[SourceVersionDate "2019.06.03"]
[SourceQuality "1"]

1. d4 Nf6 2. Nf3 d5 3. Bf4 c6 4. e3 Bg4 5. Be2 Bxf3 6. Bxf3 e6 7. c3 Nbd7 8. Nd2 a5 9. 0-0 Be7 10. c4 0-0 11. Bg3 Re8 12. Rc1 Bf8 13. cxd5 exd5 14. Qc2 g6 15. Be2 Qb6 16. Qb3 Rac8 17. Qxb6 Nxb6 18. Nb3 a4 19. Nc5 Bxc5 20. Rxc5 Ne4 21. Rc2 Kg7 22. Bd3 f6 23. Re1 Nxg3 24. hxg3 Rcd8 25. Rb1 Nc8 26. b4 axb3 27. Rxb3 Nd6 28. a4 Ra8 29. Ra2 Ra5 30. Rb4 Rea8 31. f3 b5 32. e4 Rxa4 33. Rbxa4 bxa4 34. exd5 cxd5 35. Ra3 Nc8 36. Kf2 Nb6 37. Bb5 Kf8 38. Ke2 Ke7 39. Kd3 Rc8 40. Ra2 Ra8 41. Ra3 Ra5 42. Bc6 Kd6 43. Be8 Nc4 44. Ra2 a3 45. Kc3 Kc7 46. Bf7 Rb5 47. Bxd5 Ne3 48. Bb3 Ra5 49. Kb4 Ra7 50. Kc5 Ra5+ 1/2-1/2

[Event "DEN-ch rapid U1900"]
[Site "Fredericia"]
[Date "2016.09.25"]
[Round "3"]
[White "Westenborg, Allan"]
[Black "Ladefoged, Simon Degnbol"]
[Result "1-0"]
[WhiteElo "1738"]
[BlackElo "1790"]
[PlyCount "81"]
[EventDate "2016.09.25"]
[EventType "swiss (rapid)"]
[EventRounds "7"]
[EventCountry "DEN"]
[SourceTitle "EXT 2018"]
[Source "ChessBase"]
[SourceDate "2017.10.13"]
[SourceVersion "1"]
[SourceVersionDate "2017.10.13"]
[SourceQuality "1"]

1. d4 e6 2. Nf3 d5 3. Bf4 c5 4. c3 Nc6 5. e3 Bd6 6. Bg3 Nge7 7. Nbd2 b6 8. Bd3 Bb7 9. 0-0 Bxg3 10. hxg3 Ng6 11. Bb5 0-0 12. Bxc6 Bxc6 13. Ne5 Nxe5 14. dxe5 f6 15. Nf3 Qc7 16. exf6 Rxf6 17. Qc2 Rh6 18. Nd2 Qe5 19. Rae1 Qh5 20. f4 Qh2+ 21. Kf2 Rg6 22. Qxg6 hxg6 23. Rh1 Qxh1 24. Rxh1 Kf7 25. Nf3 Be8 26. Rh8 Rc8 27. Ne5+ Kf6 28. Rf8+ Ke7 29. Nxg6+ Kd6 30. Ne5 Ke7 31. Rg8 Kf6 32. g4 g5 33. Rxg5 Bf7 34. Nxf7 Kxf7 35. Re5 Rh8 36. Rh5 Ra8 37. Rh7+ Kf6 38. Kf3 a5 39. g5+ Kf5 40. Rf7+ Kg6 41. Rf6+ 1-0

[Event "DEN-ch Kort 1"]
[Site "Skorping"]
[Date "2014.04.13"]
[Round "2"]
[White "Dahl, Steve K"]
[Black "Westenborg, Allan"]
[Result "1-0"]
[WhiteElo "1807"]
[BlackElo "1702"]
[PlyCount "105"]
[EventDate "2014.04.12"]
[EventType "swiss"]
[EventRounds "5"]
[EventCountry "DEN"]
[SourceTitle "EXT 2023"]
[Source "ChessBase"]
[SourceDate "2022.10.05"]
[SourceVersion "1"]
[SourceVersionDate "2022.10.05"]
[SourceQuality "1"]

1. e4 d5 2. exd5 Qxd5 3. Nc3 Qd6 4. Nf3 c6 5. d4 Nf6 6. g3 Bg4 7. Bg2 e6 8. Bf4 Qd8 9. 0-0 Na6 10. Re1 Be7 11. Qd2 Bxf3 12. Bxf3 0-0 13. Rad1 Nc7 14. Qd3 Ncd5 15. Nxd5 Nxd5 16. Bd2 Bg5 17. c4 Bxd2 18. Rxd2 Nf6 19. d5 exd5 20. cxd5 cxd5 21. Bxd5 Qa5 22. Red1 Qb6 23. Qf3 Rad8 24. Bxb7 Rxd2 25. Rxd2 Qa5 26. b4 Qxb4 27. Re2 Rd8 28. Be4 h6 29. Bc2 Rc8 30. Qd3 g6 31. Bb3 Rc1+ 32. Kg2 Qb7+ 33. f3 Kg7 34. h3 Qb6 35. Qe3 Qc7 36. Qe7 Nh5 37. Qxc7 Rxc7 38. Re4 f5 39. Rd4 Nf6 40. h4 g5 41. hxg5 hxg5 42. Kf2 Re7 43. Bc2 Re5 44. Ra4 a5 45. Rc4 Ng8 46. f4 gxf4 47. gxf4 Rd5 48. Bb3 Rd7 49. Rc5 Nf6 50. Rxa5 Ng4+ 51. Kg3 Rd3+ 52. Kh4 Kg6 53. Bc2 1-0